000
00311 a2200145 4500
001
195122
040
_c
Magnum
100
_a
Silva, João Carlos Marinho
240
1
0
_a
O gênio do crime
_l
por
245
1
0
_a
O gênio do crime
300
_a
162
362
0
_a
2006
697
_a
LITERATURA JUVENIL
942
_c
BK
999
_c
195122
_d
195122